000 00571nam a2200217Ia 4500
005 20230710131430.0
008 131103s9999 xx 000 0 und d
020 _cRs.12
040 _aLoreto College
041 _aEnglish
082 _a572
_bSAR
100 _aSarkar, S.S.
245 4 _aThe Aboriginal races of India
_cS.S.Sarkar
260 _aCalcutta
_bBook Land
_c1954
300 _av, 151 p.
_b Plates, ill., tables
504 _aIncludes appendices and index
650 _aIndigenous
651 _aCulture and institutions
850 _aLCLIB
942 _cBK
999 _c1695
_d52174